|
|
|
|
| LEADER |
01580nas a2200325 i 4500 |
| 001 |
c000152321 |
| 003 |
CARM |
| 005 |
20020205155231.0 |
| 008 |
860228d19111914ie 0 0 0eng d |
| 019 |
1 |
|
|a 4372874
|z 49910343
|5 LACONCORD2021
|
| 035 |
|
|
|a (OCoLC)219890629
|5 LACONCORD2021
|
| 041 |
0 |
|
|a engiritre
|
| 245 |
0 |
4 |
|a The Irish review :
|b a monthly magazine of Irish literature, art & science.
|
| 260 |
|
|
|a New York :
|b Lemma,
|c 1971.
|
| 300 |
|
|
|a 4v. :
|b ill. ;
|c 24cm.
|
| 362 |
0 |
|
|a No. 1(Mar. 1911)-no. 41(Sept.-Nov. 1914) = Vol. 1-v. 4
|
| 500 |
|
|
|a Mostly in English; some articles in Irish and French.
|
| 500 |
|
|
|a Subtitle on some issues: a monthly magazine of Irish politics, literature and art.
|
| 580 |
|
|
|a Reprint. Originally published monthly: Dublin : Irish Review Publishing Co., 1911-1914.
|
| 650 |
|
0 |
|a Irish literature
|x Periodicals.
|
| 650 |
|
0 |
|a Art, Irish
|x Periodicals.
|
| 651 |
|
0 |
|a Ireland
|x Social conditions
|x Periodicals.
|
| 651 |
|
0 |
|a Ireland
|x Politics and government
|y 1910-1921
|x Periodicals.
|
| 852 |
8 |
|
|b CARM
|h A2:AB07F0
|i C02511
|p 0093258
|f SE
|
| 852 |
8 |
|
|b CARM
|h A2:AB07F0
|i C02195
|p 0093259
|f SE
|
| 866 |
|
0 |
|a 1:1(1911:03)-4:41(1914:09/11)
|
| 866 |
|
0 |
|a 1:1(1911:03)-4:41(1914:09/11)
|
| 999 |
f |
f |
|i 9a7a76cf-367c-51b8-89d3-18d2fae4e0c3
|s 28650da0-f711-5f5b-a447-eda23d303967
|
| 952 |
f |
f |
|p Can circulate
|a CAVAL
|b CAVAL
|c CAVAL
|d CARM 1 Store
|e C02511
|f A2:AB07F0
|h Other scheme
|i book
|k 1:1(1911:03)-3:36(1914:02)
|m 0093258
|
| 952 |
f |
f |
|p Can circulate
|a CAVAL
|b CAVAL
|c CAVAL
|d CARM 1 Store
|e C02195
|f A2:AB07F0
|h Other scheme
|i book
|k 4:37(1914:03)-4:41(1914:09/11)
|m 0093259
|